000 00878nam a2200253Ia 4500
003 GCL
005 20240530102957.0
008 140319s9999 xx 000 0 ara d
040 _aGCL /
_cGCL
082 0 4 _a728.81/
_bق/ق ق
100 1 _aفينر فولفجانج مولر
245 1 0 _aالقلاع ايام الحروب الصليبية /
_cفينر فولفجانج مولر
260 _a[S.N] :
_bمركز الدراسات العسكرية ،
_c1982
300 _a178 ص
650 0 4 _aالحروب الصليبية
650 0 4 _aالتاريخ الاسلامى
650 0 4 _aالعمارة الحديثة
650 0 4 _aالحصون والقلاع
650 0 4 _aالخنادق
650 0 4 _aالاستحكامات العسكرية
700 1 _aمحمد وليد الجلاد (مترجم)
700 1 _aسعيد طيان (مراجع )
942 _2ddc
_cBK
999 _c35823
_d35823